| 000 | 00579nam a2200193Ia 4500 | ||
|---|---|---|---|
| 003 | PILC | ||
| 005 | 20150506111604.0 | ||
| 008 | 140609s9999 xx 000 0 und d | ||
| 020 | _a9780071260879 | ||
| 020 | _a0071260870 | ||
| 050 |
_aQP 34.5 _b.P322 2007 |
||
| 100 | _aPatton, Kevin T. | ||
| 245 |
_aLaboratory Manual to accompany essentials of anatomy and physiology / _cKevin Patton. |
||
| 250 | _a6th ed. | ||
| 260 |
_aBoston : _bMcGraw-Hill Higher Education, _c2007. |
||
| 300 |
_axiv, 330 pages : _billustrations ; _c26 cm. |
||
| 942 |
_cBK _2lcc |
||
| 999 |
_c283856 _d283856 |
||